| 000 | 00570nam a2200229Ia 4500 | ||
|---|---|---|---|
| 008 | 160621s9999 xx 000 0 und d | ||
| 020 | _a978-0-07-148551-7 | ||
| 050 | _aComSc QA 297 | ||
| 050 | _b.M36 2007 | ||
| 100 | _aMcMahon, David. | ||
| 245 | _aMATLAB demystified / | ||
| 245 | _cDavid McMahon. | ||
| 260 | _aNew York : | ||
| 260 | _bMcGraw-Hill, | ||
| 260 | _c2007 | ||
| 300 | _a326 pages : | ||
| 300 | _billustrations ; | ||
| 300 | _c23 cm. | ||
| 500 | _aIncludes index. | ||
| 650 | _aMATLAB. | ||
| 650 | _xNumerical analysis -- Data processing. | ||
| 999 |
_c296109 _d296109 |
||